| 000 | 02523nam0a2200421 i 4500 | ||
|---|---|---|---|
| 001 | RU\NLR\BIBL_A\010654845 | ||
| 005 | 20260407063646.0 | ||
| 010 |
_a9785851278112 _9300 |
||
| 021 |
_aRU _b14-90152 |
||
| 035 | _a(NILC)RuMoRGB-007832055 | ||
| 035 | _a(NLR Aleph) 010654845 | ||
| 090 |
_a10721582 _c10721582 |
||
| 100 | _a20150129d2014 km y0rusy50 ca | ||
| 101 | 0 | _arus | |
| 102 | _aRU | ||
| 105 | _ay|||z|||000yy | ||
| 200 | 1 |
_aЗащита социального благополучия коренных народов современной России: контекст оценки положения и роли русского народа _eмонография _fА. М. Беспалов, С.И. Григорьев, Л.Г. Гуслякова, М.М. Пркудникова _gМеждунар. фонд славян. письменности и культуры [и др.] |
|
| 205 | _a[2-е изд., доп. и перераб.] | ||
| 210 |
_aБийск [и др.] _cАГАО _d2014 |
||
| 215 |
_a87 с. _cтабл. _d21 |
||
| 300 | _aВ надзаг. также: НОЦ "Культура - основа качества образования, жизн. сил рус. человека и общества", Рос. социол. ассоц., исслед. ком. социал. квалиметрии, Союз социологов России, исслед. ком. социологии социал. здоровья [и др.] | ||
| 300 | _aНа тит. л.: АГАО. Вузу - 75 лет | ||
| 320 | _aБиблиогр. в подстроч. примеч. | ||
| 606 | 1 |
_aКоренное население _xУровень жизни _yРоссийская Федерация _92219220 _3RU\NLR\AUTH\6601565958 |
|
| 606 | 1 |
_aРусские _xСоциологические исследования _92183964 _3RU\NLR\AUTH\661313152 |
|
| 610 | 0 | _aрусские, социальное положение | |
| 686 | 1 | _aУ9(2)-94(2Р) | |
| 686 | 1 | _aТ3(2=Р)74,02 | |
| 686 | 1 | _aС550.67 | |
| 701 | 1 |
_aБеспалов _bА. М. _gАлександр Михайлович |
|
| 701 | 1 |
_8rus _7ca _aГригорьев _bС. И. _cд-р социол. наук _f1948- _gСвятослав Иванович _3RU\NLR\AUTH\7713787 _9123469 |
|
| 701 | 1 |
_aГуслякова _bЛ. Г. _gЛюдмила Герасимовна |
|
| 701 | 1 |
_aПрудникова _bМ. М. |
|
| 801 | 0 |
_aRU _bРГБ _c20141202 _gRCR |
|
| 801 | 1 |
_aRU _bРГБ _c20141202 _2rusmarc |
|
| 942 | _cBOOK | ||
| 980 | _aNBR | ||